Statistics for Top 20 Chelsea Goalscorers in the Premier League

Click here to take the quiz!

General Stats

  • This quiz has been taken 54 times
  • The average score is 12 of 21

Answer Stats

NPlayerNationalityGoals% Correct
2Didier DrogbaIvorian104
98%
3Eden HazardBelgian85
96%
1Frank LampardEnglish147
96%
5Gianfranco ZolaItalian59
87%
7Diego CostaSpanish52
83%
8John TerryEnglish41
80%
9Nicolas AnelkaFrench38
72%
10WillianBrazilian37
67%
4Jimmy Floyd HasselbainkDutch69
61%
11Salomon KalouIvorian36
59%
14Florent MaloudaFrench Guianan35
54%
18Joe ColeEnglish27
54%
6Eidur GudjohnsenIcelandic54
52%
17PedroSpanish29
48%
18Mason MountEnglish27
46%
15Tore André FloNorwegian34
43%
11Gus PoyetUruguayan36
35%
20Mark HughesWelsh25
28%
16Dennis WiseEnglish33
24%
20Marcos AlonsoSpanish25
24%
11John SpencerEnglish36
11%

Score Distribution

Percentile by Number Answered

Percent of People with Each Score

Your Score History

You have not taken this quiz